Entry Nombre personal
001 - NÚMERO DE CONTROL
- campo de control: 23177
003 - IDENTIFICADOR DEL NÚMERO DE CONTROL
- campo de control: BNPHU
005 - FECHA Y HORA DE LA ÚLTIMA TRANSACCIÓN
- campo de control: 20250207125148.0
008 - DATOS DE LONGITUD FIJA
- campo de control de longitud fija: 200615|| aca||aabn | a|a d
010 ## - NÚMERO DE CONTROL DE LA BIBLIOTECA DEL CONGRESO
- Número de control de LC: nr2001034753
040 ## - FUENTE DE LA CATALOGACIÓN
- Centro catalogador/agencia de origen: DO-SdBNP
- Lengua de catalogación: spa
- Centro/agencia transcriptor: BNPHU
- Normas de descripción: rda
046 ## - FECHAS CON CODIFICACIÓN ESPECIAL
- Fecha de nacimiento: 1941-
100 1# - ENCABEZAMIENTO-NOMBRE DE PERSONA
- Nombre de persona: Minaya, Ligia,
- Fechas asociadas al nombre: 1941-
370 ## - LUGAR ASOCIADO
- Lugar de nacimiento: Moca (República Dominicana)
- País asociado: Santo Domingo (República Dominicana)
- Lugar de residencia/sede: Denver (Colo.)
374 ## - OCUPACIÓN
- Ocupación: Profesores
- Ocupación: Abogados
- Ocupación: Escritora
375 ## - GÉNERO/SEXO
- Género/Sexo: Femenino
378 ## - FORMA COMPLETA/DESARROLLADA DEL NOMBRE
- Forma completa/desarrollada del nombre: Minaya Belliard
400 1# - TRAZADO DE VÉASE--NOMBRE DE PERSONA
- Nombre de persona: Minaya Belliard, Ligia
400 1# - TRAZADO DE VÉASE--NOMBRE DE PERSONA
- Nombre de persona: Belliard, Ligia Minaya
670 ## - FUENTE DE DATOS ENCONTRADOS
- Cita de la fuente: Work cat.: (OSt)8474: I cactus non temono il vento :, 2000.
670 ## - FUENTE DE DATOS ENCONTRADOS
- Cita de la fuente: El callejón de las flores, 1999:
- Información encontrada: portada (Ligia Minaya) portada (Ligia Minaya Belliard)
670 ## - FUENTE DE DATOS ENCONTRADOS
- Cita de la fuente: Mariposa de arena, 2012:
- Información encontrada: solapa frontal (nació en Moca, provincia de Espaillat [República Dominicana]; ha sido docente, abogada y escritora; ha vivido en Santo Domingo; actualmente vive en Denver, Colorado)
670 ## - FUENTE DE DATOS ENCONTRADOS
- Cita de la fuente: Minaya, Ligia. Mi corazón tiembla en la sombra, 2007
670 ## - FUENTE DE DATOS ENCONTRADOS
- Identificador Uniforme del Recurso: https://authorities.loc.gov/cgi-bin/Pwebrecon.cgi?AuthRecID=5457222&v1=1&HC=1&SEQ=20250207105916&PID=Z1chtdd-OnaKVjQtob_H2JnUT5Iq Consultado en 07 de febrero, 2025
